| 000 | 03305pam a2200793 cb4500 | ||
|---|---|---|---|
| 001 | 1220924598 | ||
| 003 | DE-101 | ||
| 005 | 20250806141045.0 | ||
| 007 | tu | ||
| 008 | 201106s2021 gw ||||| |||| 00||||ger | ||
| 015 |
_a21,A35 _z20,N46 _2dnb |
||
| 016 | 7 |
_2DE-101 _a1220924598 |
|
| 020 |
_a9783966584418 _cBroschur : EUR 15.00 (DE), EUR 15.50 (AT) |
||
| 020 | _a3966584417 | ||
| 024 | 3 | _a9783966584418 | |
| 035 | _a(DE-599)DNB1220924598 | ||
| 035 | _a(OCoLC)1266260109 | ||
| 035 | _a(OCoLC)1204400103 | ||
| 040 |
_a1245 _bger _cDE-101 _d9999 _erda |
||
| 041 | _ager | ||
| 044 | _cXA-DE-BW | ||
| 082 | 7 | 4 |
_85\p _a741.5 _qDE-101 _223sdnb |
| 100 | 1 |
_81\p _0(DE-588)131594389 _0https://d-nb.info/gnd/131594389 _0(DE-101)131594389 _aLiu, Marjorie M. _eVerfasser _4aut _2gnd |
|
| 245 | 1 | 0 |
_aMonstress _cMarjorie Liu, Text ;Sana Takeda, Zeichnungen ; Michael Schuster, Übersetzung |
| 264 | 1 |
_aLudwigsburg _bCross Cult _c2021 |
|
| 300 |
_acirca 176 Seiten _c24 cm |
||
| 336 |
_aText _btxt _2rdacontent |
||
| 336 |
_aunbewegtes Bild _bsti _2rdacontent |
||
| 337 |
_aohne Hilfsmittel zu benutzen _bn _2rdamedia |
||
| 338 |
_aBand _bnc _2rdacarrier |
||
| 490 | 1 |
_aMonstress / Marjorie Liu _vBand 5 |
|
| 653 | _a(Produktform)Paperback / softback | ||
| 653 | _aFantasy | ||
| 653 | _aSteampunk | ||
| 653 | _aDüster | ||
| 653 | _aFeminismus | ||
| 653 | _aFrauen | ||
| 653 | _a(VLB-WN)1181: Hardcover, Softcover / Belletristik/Comic, Cartoon, Humor, Satire/Comic | ||
| 653 | _a(BISAC Subject Heading)CGN000000 | ||
| 653 | _aLGBTQ+ | ||
| 653 | _aMystery | ||
| 653 | _aAction | ||
| 653 | _aGötter | ||
| 653 | _afeministisch | ||
| 653 | _aKatzen | ||
| 653 | _aMythologie | ||
| 653 | _aManga | ||
| 653 | _aAusgezeichnete Comics | ||
| 653 | _aEisner Award | ||
| 653 | _aDämonen | ||
| 653 | _aHorror | ||
| 653 | _aThriller | ||
| 653 | _aMaika | ||
| 655 | 7 |
_0(DE-588)4010427-8 _0https://d-nb.info/gnd/4010427-8 _0(DE-101)040104273 _aComic _2gnd-content |
|
| 700 | 1 |
_82\p _0(DE-588)1150879483 _0https://d-nb.info/gnd/1150879483 _0(DE-101)1150879483 _aTakeda, Sana _d1977- _eKünstler _4art _2gnd |
|
| 700 | 1 |
_83\p _0(DE-588)116932293X _0https://d-nb.info/gnd/116932293X _0(DE-101)116932293X _aSchuster, Michael _eÜbersetzer _4trl _2gnd |
|
| 710 | 2 |
_84\p _0(DE-588)1065438982 _0https://d-nb.info/gnd/1065438982 _0(DE-101)1065438982 _aCross Cult _gFirma _eVerlag _4pbl _2gnd |
|
| 776 | 0 | 8 |
_iErscheint auch als _nOnline-Ausgabe _aLiu, Marjorie M. _tMonstress 5 _dLudwigsburg : Cross Cult, 2021 _hOnline-Ressource, 144 Seiten _w(DE-101)1233427741 |
| 800 | 1 |
_aLiu, Marjorie M. _4aut _tMonstress _vBand 5 _w(DE-101)1150879769 _915 _7am |
|
| 856 | 4 | 2 |
_mX:MVB _qtext/html _uhttp://deposit.dnb.de/cgi-bin/dokserv?id=883a18473ac94f0a84b8c24b7117d66f&prov=M&dok_var=1&dok_ext=htm _3Inhaltstext |
| 856 | 4 | 2 |
_mX:MVB _uhttps://www.cross-cult.de/home.html |
| 883 | 1 |
_81\p _auml _d20220413 _qDE-101 _uhttps://d-nb.info/provenance/plan#uml |
|
| 883 | 2 |
_82\p _adnb _d20210610 _qDE-101 _uhttps://d-nb.info/provenance/plan#dnb |
|
| 883 | 2 |
_83\p _adnb _d20210610 _qDE-101 _uhttps://d-nb.info/provenance/plan#dnb |
|
| 883 | 1 |
_84\p _aadb _d20201106 _qDE-101 _uhttps://d-nb.info/provenance/plan#adb |
|
| 883 | 2 |
_85\p _adnb _d20210825 _qDE-101 _uhttps://d-nb.info/provenance/plan#dnb |
|
| 942 |
_2ddc _cBUCH _n0 |
||
| 999 |
_c1340 _d1340 |
||